Načo je firme marketing? Veď predávať je tak ľahké ...

Definícia marketingu, význam marketingu. Štyri základné prvky marketingu (4 P product, price, place, promotion). Najnovší trend - ľudský faktor "people". Termín "marketéri" - pracovníci zaoberajúci sa priamo marketingom. Deväť základných činností marketingu podľa Výboru marketingových organizácií CO...

Descrizione completa

Salvato in:
Dettagli Bibliografici
Autore principale: Ting, M.
Natura: Capitolo di libro
Lingua:slovacco
Soggetti:
Tags: Aggiungi Tag
Nessun Tag, puoi essere il primo ad aggiungerne!!

MARC

LEADER 00000naa a2200000 4500
001 r014026
005 20221213123250.6
041 0 |a slo 
044 |a SK 
245 1 0 |a Načo je firme marketing?  |b Veď predávať je tak ľahké ...  |c M. Ting 
520 |a Definícia marketingu, význam marketingu. Štyri základné prvky marketingu (4 P product, price, place, promotion). Najnovší trend - ľudský faktor "people". Termín "marketéri" - pracovníci zaoberajúci sa priamo marketingom. Deväť základných činností marketingu podľa Výboru marketingových organizácií COMO. Význam komunikácie a komunikácia ako poradenská disciplína. 
610 2 0 |a marketing 
610 2 0 |a komunikácia 
100 1 |a Ting, M.